Statistics for Top 15 Countries with Covid-19 Deaths - 19 January 2022

Click here to take the quiz!

General Stats

  • This quiz has been taken 24 times
  • The average score is 16 of 27

Answer Stats

country% Correct
United States
100%
Brazil
96%
France
96%
United Kingdom
96%
Germany
92%
India
92%
Mexico
92%
Russia
92%
Italy
83%
Argentina
79%
Indonesia
71%
Iran
71%
Poland
54%
Colombia
50%
Peru
46%
Slovakia
46%
Czechia
38%
Hungary
38%
Romania
38%
Slovenia
38%
Bulgaria
29%
Croatia
29%
Armenia
25%
Bosnia and
Herzegovina
25%
Georgia
25%
North Macedonia
25%
Lithuania
21%

Score Distribution

Percentile by Number Answered

Percent of People with Each Score

Your Score History

You have not taken this quiz